000 00290nam a2200109 4500
999 _c9872
_d9872
008 180720b ||||| |||| 00| 0 eng d
245 _aEcotourism fest set in Subic.
260 _aPhilippines
_bThe Philippine Star
_cc2017
300 _apage C9.
650 0 _929190
_aTourism.
942 _2ddc
_cPER